000 00907cam a22002532 4500
001 0000009100
005 20151217145846.0
008 080902s xx 000 0 eng d
020 _a0421576502 :
_cKES 4955
040 _aKABU
_cKABU
100 1 _aPhillips, O. Hood.
_@0000160343
245 1 3 _aO. Hood Phillips & Jackson :
_bconstitutional and administrative law /
_cO. Hood Phillips and Paul Jackson and Patricia Leopold.
250 _a8th ed.
260 _aLondon :
_bSweet & Maxwell,
_c2001.
300 _acxxvi, 855 p.
650 0 _aConstitutional Law
_zGreat Britain.
_@0000160154
650 0 _aAdministrative law
_zGreat Britain.
_@0000160153
700 1 _aJackson, Paul.
_@0000160344
700 1 _aLeopold, Patricia.
_@0000160345
908 _a080902
950 _@1
999 _c3366
_d3366